| 000 | 01468cam a2200373 a 4500 | ||
|---|---|---|---|
| 001 | 12150140 | ||
| 003 | EG-ScBUE | ||
| 005 | 20211220103728.0 | ||
| 008 | 000821s2002 enk f 000 1 eng d | ||
| 020 | _a0552146390 | ||
| 020 | _a9780552146395 | ||
| 040 |
_aDLC _beng _erda _cDLC _dDLC _dEG-ScBUE |
||
| 043 |
_an-us-ia _ae-fr--- |
||
| 082 | 0 | 4 |
_a813.54 _bSTE _222 |
| 100 | 1 |
_aSteel, Danielle, _eauthor. _934470 |
|
| 245 | 1 | 0 |
_aLeap of faith / _cDanielle Steel. |
| 264 | 1 |
_aLondon : _bCorgi Books, _c2002. |
|
| 300 |
_a256 pages ; _c18 cm |
||
| 336 |
_2rdacontent _atext _btxt |
||
| 337 |
_2rdamedia _aunmediated _bn |
||
| 338 |
_2rdacarrier _avolume _bnc |
||
| 650 | 7 |
_aAmericans _zFrance _vFiction. _2BUEsh |
|
| 650 | 7 |
_aMarried women _vFiction. _2BUEsh |
|
| 650 | 7 |
_aCastles _vFiction. _2BUEsh |
|
| 650 | 7 |
_aOrphans _vFiction. _2BUEsh _935476 |
|
| 651 | 7 |
_aFrance _vFiction. _2BUEsh _933934 |
|
| 651 | 7 |
_aIowa _vFiction. _2BUEsh |
|
| 653 |
_bHHUUEENN _cDecember2021 |
||
| 655 | 7 |
_aRomantic suspense fiction. _2gsafd _vReading book |
|
| 856 | 4 | 2 |
_3Contributor biographical information _uhttp://www.loc.gov/catdir/bios/random052/00045174.html |
| 856 | 4 | 2 |
_3Publisher description _uhttp://www.loc.gov/catdir/description/random046/00045174.html |
| 942 |
_2ddc _cBB |
||
| 999 |
_c10409 _d10409 |
||